000
00408nam a2200133Ia 4500
008
100328s9999 xx 000 0 und d
082
_b
35639
100
_a
खांडेकर वि.स.
245
_a
जळलेला मोहर
260
_b
देशमुख आणि कंपनी
630
_a
जळलेला मोहर
730
_a
जळलेला मोहर
942
_c
BOOK
999
_c
525504
_d
525501